Les 10 joueurs avec les montant de transferts cumulés les plus chers. - Statistiques

Statistiques générales
  • Ce quiz a été pris 243 fois
  • Le résultat moyen est 9 sur 10
Statistiques - réponses
Total
Transferts
en euros
Joueurs Transferts
en euros
% Correct
400 000 000 Neymar Barca-88 000 000PSG-222 000 000 Al Hilal-90 000 000
100%
247 000 000 Cristiano Ronaldo Man United-19 000 000Real-94 000 000 Juventus-117 000 000 Man United-17 000 000
98%
180 000 000 Kylian Mbappe PSG-180 000 000
97%
220 000 000 Ousmane Dembele Dortmund-35 000 000Barca-135 000 000 PSG-50 000 000
96%
180 000 000 Antoine Griezmann Atletico-30 000 000Barca-120 000 000 Atletico-10 000 000 Atletico-20 000 000
94%
333 360 000 Romelu Lukaku Chelsea-15 000 000Everton-3 500 000 Everton- 35 360 000 Man United-84 700 000 Inter-74 000 000 Chelsea-113 000 000 Inter-7 800 000
93%
179 000 000 Angel Di Maria Benfica-8 000 000Real-33 000 000 Man United-75 000 000 PSG-63 000 000
86%
169 100 000 Zlatan Ibrahimovic Ajax-7 800 000Juventus-16 000 000 Inter-24 800 000 Barca-69 500 000 Milan-6 000 000 Milan-24 000 000 PSG-21 000 000
82%
180 300 000 Philippe Coutinho Inter-3 800 000Liverpool-13 000 000 Barca-135 000 000 Bayern-8 500 000 Aston Villa-20 000 000
80%
189 000 000 Alvaro Morata Juventus-20 000 000Real-30 000 000 Chelsea-66 000 000 Atletico-18 000 000 Atletico-35 000 000 Juventus-20 000 000
76%
Aucun quiz correspondant
Distribution des résultats
% des personnes avec chaque résultat
Percentile par nombre de réponses
Votre historique - résultats
Vous n’avez pas pris ce quiz